000 00643nam a2200193 i 4500
001 78082
003 ES-MaACL
005 20230906173533.0
007 t|
008 041011s1969 sp ||||1| spa d
100 1 _aHarrison, Bruce M.
_961930
245 1 0 _aDisección del gato
_b: (y comparación con el hombre) /
_cBruce M. Harrison ; traducido por J. Sandoval Juarez, C. Climent Peris.
260 _aZaragoza :
_bAcribia,
_c[1969]
300 _a248 p., 50 lám. ;
_c25 cm.
650 4 _aGatos-
_xAnatomía.
_9153342
700 1 _aSandoval, J.
_9103112
700 1 _aCliment Peris, Salvador.
_939263
852 _aES-MaACL
_jC-41774
_bR.72423
999 _c78082
_d78082